[Event "FRA-chT U20"]
[Site "France"]
[Date "2012.05.26"]
[Round "?"]
[White "Guerin, Juliette"]
[Black "Heurteaux, Raphael"]
[Result "1-0"]
[WhiteElo "1550"]
[BlackElo "1541"]
[PlyCount "79"]
[EventDate "2012.05.26"]
[EventType "team-swiss"]
[EventRounds "9"]
[EventCountry "FRA"]
[SourceTitle "EXT 2014"]
[Source "ChessBase"]
[SourceDate "2013.11.20"]
[SourceVersion "1"]
[SourceVersionDate "2013.11.20"]
[SourceQuality "1"]

1. e4 c5 2. Nf3 Nc6 3. d4 cxd4 4. Nxd4 Nf6 5. Nc3 e5 6. Ndb5 d6 7. Bg5 a6 8. Na3 b5 9. Bxf6 gxf6 10. Nd5 f5 11. c3 fxe4 12. Bxb5 axb5 13. Nxb5 Ra7 14. Nxa7 Nxa7 15. Qa4+ Bd7 16. Qxa7 Bh6 17. b4 Kf8 18. a4 Be6 19. Rd1 Qg5 20. Ne3 Qg6 21. Rxd6 Bxe3 22. Qxe3 Ke7 23. Rc6 Qxg2 24. Rf1 Bh3 25. Qc5+ Kd8 26. Qd6+ Ke8 27. Qxe5+ Kf8 28. Qxh8+ Ke7 29. Rc7+ Kd6 30. Qd8+ Ke6 31. Qe7+ Kf5 32. Qxf7+ Ke5 33. Rc5+ Kd6 34. Qf6+ Kd7 35. Rd5+ Kc7 36. Qe7+ Kb8 37. Rb5+ Kc8 38. Rc5+ Kb8 39. Qc7+ Ka8 40. Ra5# 1-0

[Event "FRA-ch U12 Girls"]
[Site "Nimes"]
[Date "2012.04.18"]
[Round "6"]
[White "Broly, Mathilde"]
[Black "Guerin, Juliette"]
[Result "1-0"]
[WhiteElo "1687"]
[BlackElo "1600"]
[PlyCount "109"]
[EventDate "2012.04.14"]
[EventType "swiss"]
[EventRounds "9"]
[EventCountry "FRA"]
[SourceTitle "CBM 148 Extra"]
[Source "ChessBase"]
[SourceDate "2012.06.22"]
[SourceVersion "1"]
[SourceVersionDate "2012.06.22"]
[SourceQuality "1"]

1. d4 d5 2. Nf3 Nf6 3. e3 Bf5 4. Nbd2 e6 5. c4 c6 6. Be2 dxc4 7. Bxc4 Bd6 8. 0-0 0-0 9. Qe2 Ne4 10. Bd3 Nxd2 11. Qxd2 Bg4 12. Be2 Nd7 13. e4 e5 14. dxe5 Nxe5 15. Nxe5 Bxe2 16. Qxe2 Bxe5 17. Be3 f5 18. f4 Bc7 19. e5 Kh8 20. Rad1 Qe7 21. Qf2 b6 22. Qf3 c5 23. Qc6 Rad8 24. Qa4 a5 25. Rxd8 Rxd8 26. Rd1 Rxd1+ 27. Qxd1 h6 28. Qc2 Qe6 29. a3 g6 30. Qc3 Kg8 31. Kf2 Qd5 32. Qd2 Qc6 33. Qd3 Kf7 34. Qc4+ Kg7 35. Qc3 Kh7 36. Qc4 Kg7 37. b4 Qa4 38. Qe6 Qc2+ 39. Kf3 Qe4+ 40. Kf2 Qb7 41. bxa5 bxa5 42. Qe7+ Kh8 43. Qxc5 Qb1 44. Qxc7 Qa2+ 45. Kf3 Qd5+ 46. Kg3 Qg8 47. h4 a4 48. Qc5 Qe6 49. Qb4 Qe8 50. Bd4 Kh7 51. e6 Kg8 52. Qb7 Qf8 53. e7 Qe8 54. Qd5+ Kh7 55. Qe5 1-0

[Event "FRA-ch U12 Girls"]
[Site "Nimes"]
[Date "2012.04.14"]
[Round "1"]
[White "Guerin, Juliette"]
[Black "Bauer, Elise"]
[Result "1-0"]
[WhiteElo "1600"]
[BlackElo "1380"]
[PlyCount "69"]
[EventDate "2012.04.14"]
[EventType "swiss"]
[EventRounds "9"]
[EventCountry "FRA"]
[SourceTitle "CBM 148 Extra"]
[Source "ChessBase"]
[SourceDate "2012.06.22"]
[SourceVersion "1"]
[SourceVersionDate "2012.06.22"]
[SourceQuality "1"]

1. e4 e5 2. Bc4 Nc6 3. Nc3 Nf6 4. d3 h6 5. f4 Bc5 6. h3 d6 7. f5 b6 8. Nf3 Bb7 9. Bd2 a5 10. a3 0-0 11. g4 Nd4 12. g5 Nxf3+ 13. Qxf3 hxg5 14. Bxg5 d5 15. Nxd5 Bxd5 16. Bxd5 Ra7 17. h4 Be7 18. Ba2 Qd6 19. h5 Nh7 20. Bxe7 Qxe7 21. h6 Qg5 22. hxg7 Qxg7 23. 0-0-0 Ng5 24. Qh5 Rd8 25. Rdg1 Kf8 26. Rxg5 Qf6 27. Rhg1 Ke7 28. Rg7 Rf8 29. R1g6 Qxg6 30. Qxg6 Kd8 31. Rxf7 Rxf7 32. Qxf7 Kc8 33. Bd5 Kd8 34. Bc6 Kc8 35. Qe8# 1-0

[Event "Alsace-Baden m"]
[Site "Gambsheim"]
[Date "2011.09.18"]
[Round "?"]
[White "Stockert, Laurids"]
[Black "Guerin, Juliette"]
[Result "0-1"]
[WhiteElo "1560"]
[BlackElo "1620"]
[PlyCount "78"]
[EventDate "2011.09.18"]
[EventType "team-match"]
[EventRounds "1"]
[EventCountry "FRA"]
[SourceTitle "CBM 144 Extra"]
[Source "ChessBase"]
[SourceDate "2011.10.28"]
[SourceVersion "1"]
[SourceVersionDate "2011.10.28"]
[SourceQuality "1"]
[WhiteTeam "Baden"]
[BlackTeam "Alsace"]
[WhiteTeamCountry "GER"]
[BlackTeamCountry "FRA"]

1. e4 e5 2. Nf3 Nc6 3. Bc4 Bc5 4. b4 Bb6 5. a4 a6 6. c3 Nf6 7. d3 h6 8. Ba3 d6 9. 0-0 0-0 10. Re1 Re8 11. Nbd2 Ng4 12. Re2 Ne7 13. Qb3 Rf8 14. d4 Ng6 15. h3 Nf6 16. dxe5 dxe5 17. b5 axb5 18. Bxb5 Nf4 19. Ree1 Be6 20. Qc2 c5 21. Nxe5 N6h5 22. Ndf3 Qf6 23. c4 Ng6 24. Bb2 Nxe5 25. Nxe5 Qf4 26. Qc1 Qh4 27. Nf3 Qe7 28. Qe3 Ba5 29. Bc3 Bxc3 30. Qxc3 Nf4 31. Qe3 Ng6 32. Rad1 Rfd8 33. Rxd8+ Rxd8 34. Re2 Qf6 35. e5 Qf5 36. Qxc5 Nf4 37. Re3 Qg6 38. Ne1 Rd1 39. Kf1 Qxg2# 0-1

[Event "FRA-ch U12 Girls"]
[Site "Montlucon"]
[Date "2011.04.18"]
[Round "2"]
[White "Guerin, Juliette"]
[Black "Caloone, Claire"]
[Result "1-0"]
[WhiteElo "1530"]
[BlackElo "1350"]
[PlyCount "37"]
[EventDate "2011.04.17"]
[EventType "swiss"]
[EventRounds "9"]
[EventCountry "FRA"]
[SourceTitle "CBM 142 Extra"]
[Source "ChessBase"]
[SourceDate "2011.06.27"]
[SourceVersion "1"]
[SourceVersionDate "2011.06.27"]
[SourceQuality "1"]

1. e4 e5 2. Bc4 Nc6 3. Nc3 Bc5 4. Qg4 g6 5. Qg3 Nf6 6. Nf3 Nxe4 7. Nxe4 d5 8. Bxd5 Be7 9. Bxc6+ bxc6 10. Qxe5 0-0 11. 0-0 Bf5 12. Re1 Re8 13. d3 Bxe4 14. Rxe4 Bf6 15. Qf4 g5 16. Rxe8+ Qxe8 17. Qxf6 g4 18. Bh6 gxf3 19. Qg7# 1-0

[Event "FRA-ch U12 Girls"]
[Site "Montlucon"]
[Date "2011.04.17"]
[Round "1"]
[White "Pisano, Ninon"]
[Black "Guerin, Juliette"]
[Result "0-1"]
[WhiteElo "1310"]
[BlackElo "1530"]
[PlyCount "60"]
[EventDate "2011.04.17"]
[EventType "swiss"]
[EventRounds "9"]
[EventCountry "FRA"]
[SourceTitle "CBM 142 Extra"]
[Source "ChessBase"]
[SourceDate "2011.06.27"]
[SourceVersion "1"]
[SourceVersionDate "2011.06.27"]
[SourceQuality "1"]

1. e4 e5 2. Nf3 Nc6 3. Bc4 Bc5 4. d3 Nf6 5. Ng5 0-0 6. Qf3 Nd4 7. Qh3 d5 8. Bxd5 Bxh3 9. Kd1 Bg4+ 10. f3 Bh5 11. Be3 Nxf3 12. Bxc5 Nxg5+ 13. Ke1 Re8 14. Nc3 c6 15. Bc4 a5 16. Rf1 b5 17. Rf5 h6 18. b3 bxc4 19. bxc4 a4 20. Rb1 Ne6 21. Rxe5 Nxc5 22. Rxc5 Qd4 23. Ne2 Qxc5 24. d4 Qxc4 25. Kf1 Qxe2+ 26. Kg1 Nxe4 27. h3 Qf2+ 28. Kh1 Ng3+ 29. Kh2 Re2 30. Rh1 Qxg2# 0-1